| 000 -LEADER |
| fixed length control field |
00388cam a22001337a 4500 |
| 008 - FIXED-LENGTH DATA ELEMENTS--GENERAL INFORMATION |
| fixed length control field |
180718b1959 xxu||||| |||| 00| 0 eng d |
| 082 ## - DEWEY DECIMAL CLASSIFICATION NUMBER |
| Classification number |
B19x54 As36 |
| 100 ## - MAIN ENTRY--PERSONAL NAME |
| Personal name |
Ashraf, K.M. |
| 245 ## - TITLE STATEMENT |
| Title |
Life and conditions of the people of Hindustan |
| Statement of responsibility, etc. |
by K.M. Ashraf |
| 260 ## - PUBLICATION, DISTRIBUTION, ETC. |
| Place of publication, distribution, etc. |
Delhi |
| Name of publisher, distributor, etc. |
Jiwan |
| Date of publication, distribution, etc. |
1959 |
| 300 ## - PHYSICAL DESCRIPTION |
| Extent |
274p. |
| 650 ## - SUBJECT ADDED ENTRY--TOPICAL TERM |
| Topical term or geographic name entry element |
India - History, 1200-1526. |
| 650 ## - SUBJECT ADDED ENTRY--TOPICAL TERM |
| Topical term or geographic name entry element |
India - Social conditions |